[Event "CHN-chT"]
[Site "Hebei"]
[Date "2025.05.02"]
[Round "8.22"]
[White "Zhang, Ziji"]
[Black "Zhao, Chenxi"]
[Result "1/2-1/2"]
[WhiteElo "2371"]
[BlackElo "2453"]
[PlyCount "58"]
[EventDate "2025.04.25"]
[EventType "team-swiss"]
[EventRounds "9"]
[EventCountry "CHN"]
[SourceTitle "CB20_2025"]
[SourceDate "2025.05.14"]
[SourceVersion "1"]
[SourceVersionDate "2025.05.14"]
[SourceQuality "1"]
[WhiteTeam "Hebei"]
[BlackTeam "Guangdong"]
[WhiteTeamCountry "CHN"]
[BlackTeamCountry "CHN"]

1. d4 d5 2. c4 e6 3. Nf3 Be7 4. g3 Nf6 5. Bg2 0-0 6. 0-0 dxc4 7. Qa4 a6 8. Qxc4 b5 9. Qc2 Bb7 10. Bd2 Be4 11. Qc1 c6 12. a4 Nbd7 13. Nc3 Bg6 14. Nh4 Bh5 15. h3 Nd5 16. Bf3 Bxf3 17. Nxf3 Qb6 18. Nxd5 cxd5 19. Qc2 Rfc8 20. Qd3 bxa4 21. Rxa4 h6 22. Rfa1 Rc6 23. Kg2 Bd6 24. e3 Nf6 25. b3 Ne4 26. Ba5 Qb8 27. Be1 Qb6 28. Ba5 Qb8 29. Be1 Qb6 1/2-1/2

[Event "CHN-chT"]
[Site "Hebei"]
[Date "2025.04.27"]
[Round "3.2"]
[White "Zhao, Chenxi"]
[Black "Lou, Yiping"]
[Result "1/2-1/2"]
[WhiteElo "2453"]
[BlackElo "2464"]
[PlyCount "80"]
[EventDate "2025.04.25"]
[EventType "team-swiss"]
[EventRounds "9"]
[EventCountry "CHN"]
[SourceTitle "CB20_2025"]
[SourceDate "2025.05.14"]
[SourceVersion "1"]
[SourceVersionDate "2025.05.14"]
[SourceQuality "1"]
[WhiteTeam "Guangdong"]
[BlackTeam "Shanghai"]
[WhiteTeamCountry "CHN"]
[BlackTeamCountry "CHN"]

1. e4 e5 2. Nf3 Nc6 3. Bc4 Bc5 4. b4 Bxb4 5. c3 Be7 6. d4 Na5 7. Bd3 d6 8. dxe5 dxe5 9. Nxe5 Nf6 10. 0-0 0-0 11. Qc2 Bd6 12. Nf3 Re8 13. Bg5 h6 14. Bh4 g5 15. Bg3 Bxg3 16. hxg3 Ng4 17. Nbd2 Qf6 18. Rfe1 Bd7 19. Nb3 Nxb3 20. axb3 a5 21. b4 axb4 22. Rxa8 Rxa8 23. cxb4 Ra1 24. Qd2 Ne5 25. Be2 Nxf3+ 26. gxf3 Qd6 27. Qc3 Rxe1+ 28. Qxe1 c5 29. bxc5 Qxc5 30. Qa1 b5 31. Qa5 Kg7 32. Kg2 Qd4 33. Qc7 b4 34. Bc4 Qc3 35. Qxd7 Qxc4 36. e5 g4 37. e6 gxf3+ 38. Kh2 Qxe6 39. Qd4+ Kh7 40. Qxb4 Qf5 1/2-1/2

[Event "CHN-chT"]
[Site "Hebei"]
[Date "2025.04.25"]
[Round "1.2"]
[White "Zhao, Chenxi"]
[Black "Sun, Chao"]
[Result "1-0"]
[WhiteElo "2453"]
[BlackElo "2211"]
[PlyCount "57"]
[EventDate "2025.04.25"]
[EventType "team-swiss"]
[EventRounds "9"]
[EventCountry "CHN"]
[SourceTitle "CB20_2025"]
[SourceDate "2025.05.14"]
[SourceVersion "1"]
[SourceVersionDate "2025.05.14"]
[SourceQuality "1"]
[WhiteTeam "Guangdong"]
[BlackTeam "Jiangxi"]
[WhiteTeamCountry "CHN"]
[BlackTeamCountry "CHN"]

1. e4 d6 2. d4 Nf6 3. Nc3 e5 4. Nf3 Nbd7 5. Bc4 Be7 6. 0-0 0-0 7. Re1 c6 8. a4 a5 9. h3 h6 10. Be3 Re8 11. d5 Nb6 12. Nd2 Bd7 13. Qe2 Rb8 14. Bb3 Qc7 15. Rad1 cxd5 16. exd5 Rec8 17. f4 exf4 18. Bxf4 Bf8 19. Qf2 Re8 20. Be3 Nc8 21. Bxh6 gxh6 22. Qxf6 Bg7 23. Qh4 Rxe1+ 24. Rxe1 Nb6 25. Nde4 Kf8 26. Nf6 Bf5 27. Rf1 Bg6 28. Nb5 Qe7 29. Nd4 1-0

[Event "CHN-ch"]
[Site "Xinghua"]
[Date "2024.05.12"]
[Round "7"]
[White "Zeng, Chongsheng"]
[Black "Zhao, Chenxi"]
[Result "0-1"]
[WhiteElo "2590"]
[BlackElo "2419"]
[PlyCount "76"]
[EventDate "2024.05.06"]
[EventType "tourn"]
[EventRounds "11"]
[EventCountry "CHN"]
[EventCategory "11"]
[SourceTitle "CBM 220 Extra"]
[Source "ChessBase"]
[SourceDate "2024.07.31"]
[SourceVersion "1"]
[SourceVersionDate "2024.07.31"]
[SourceQuality "1"]

1. d4 e6 2. c4 d5 3. Nc3 a6 4. cxd5 exd5 5. Nf3 c6 6. Qc2 Nf6 7. Bg5 Be6 8. Qb3 b5 9. Qc2 Nbd7 10. e3 Qa5 11. Bd3 h6 12. Bf4 c5 13. Bf5 Bxf5 14. Qxf5 g6 15. Qc2 c4 16. 0-0 b4 17. Ne2 Bg7 18. b3 Qb5 19. Ne5 Rc8 20. a3 0-0 21. bxc4 b3 22. Qxg6 dxc4 23. Qg3 Ne4 24. Qh3 Nxe5 25. dxe5 c3 26. Nd4 Qb6 27. Nf5 Kh7 28. Rad1 Qe6 29. Rd4 c2 30. Rxe4 c1Q 31. Bxh6 Bxh6 32. Rh4 Qcc6 33. Rxh6+ Qxh6 34. Nxh6 Qxh6 35. Qf5+ Qg6 36. Qh3+ Kg7 37. f4 b2 38. f5 Rc1 0-1

[Event "CHN-ch"]
[Site "Xinghua"]
[Date "2024.05.06"]
[Round "1"]
[White "Zhao, Chenxi"]
[Black "Nie, Xinyang"]
[Result "1-0"]
[WhiteElo "2419"]
[BlackElo "2421"]
[PlyCount "119"]
[EventDate "2024.05.06"]
[EventType "tourn"]
[EventRounds "11"]
[EventCountry "CHN"]
[EventCategory "11"]
[SourceTitle "CBM 220 Extra"]
[Source "ChessBase"]
[SourceDate "2024.07.31"]
[SourceVersion "1"]
[SourceVersionDate "2024.07.31"]
[SourceQuality "1"]

1. e4 e5 2. Nf3 Nf6 3. Nxe5 d6 4. Nf3 Nxe4 5. Bd3 Nf6 6. 0-0 Be7 7. h3 0-0 8. c3 Re8 9. Re1 Bf8 10. Rxe8 Qxe8 11. Bc2 Bd7 12. d4 Bb5 13. Nbd2 Qe2 14. a4 Qxd1+ 15. Bxd1 Bd3 16. Bb3 Nbd7 17. Nc4 Bxc4 18. Bxc4 d5 19. Bb3 c6 20. Be3 Bd6 21. Bc2 Re8 22. Re1 Kf8 23. g3 Ne4 24. Kg2 Bc7 25. Nh4 h6 26. Nf3 Bd6 27. Ne5 Nxe5 28. dxe5 Rxe5 29. Bxa7 Re6 30. Bd4 Ng5 31. Be3 Ne4 32. g4 Re7 33. Bd4 Ng5 34. Rxe7 Bxe7 35. f4 Ne6 36. Be3 g5 37. fxg5 Bxg5 38. Bf2 Ke7 39. h4 Bc1 40. b3 Kd6 41. Kf3 Ke5 42. Bg3+ Bf4 43. Be1 Nc5 44. Bf2 Ne6 45. Be1 Nc5 46. a5 Ne6 47. b4 Bc1 48. Ba4 Kd6 49. Bg3+ Kd7 50. Be5 Nc7 51. Bc2 Ne6 52. g5 hxg5 53. h5 Ke7 54. Kg4 f6 55. h6 Nf8 56. Bd4 Bf4 57. h7 Nxh7 58. Bxh7 Be5 59. Kf5 Kd6 60. Bg6 1-0

[Event "CHN-chT"]
[Site "Qingdao"]
[Date "2024.04.06"]
[Round "5.2"]
[White "Zhao, Chenxi"]
[Black "Xu, Jun"]
[Result "1/2-1/2"]
[WhiteElo "2421"]
[BlackElo "2465"]
[PlyCount "55"]
[EventDate "2024.04.02"]
[EventType "team-swiss"]
[EventRounds "9"]
[EventCountry "CHN"]
[SourceTitle "CBM 219 Extra"]
[Source "ChessBase"]
[SourceDate "2024.05.31"]
[SourceVersion "1"]
[SourceVersionDate "2024.05.31"]
[SourceQuality "1"]
[WhiteTeam "Guangdong"]
[BlackTeam "Jiangsu"]
[WhiteTeamCountry "CHN"]
[BlackTeamCountry "CHN"]

1. e4 e5 2. Nf3 Nc6 3. Bb5 a6 4. Ba4 Nf6 5. 0-0 Nxe4 6. d4 b5 7. Bb3 d5 8. dxe5 Be6 9. c3 Be7 10. Nbd2 Nc5 11. Bc2 d4 12. Nb3 d3 13. Bb1 Nxb3 14. axb3 Bf5 15. b4 0-0 16. h3 Bg6 17. Re1 Qd7 18. Ba2 Kh8 19. Bb1 Rfd8 20. Bf4 h6 21. Re3 Bf8 22. Bg3 Bh7 23. Ba2 Re8 24. Qb3 Qe6 25. Qd1 Qd7 26. Bb1 Red8 27. Ba2 Re8 28. Bb1 1/2-1/2

[Event "Thessaloniki SKG op 3rd"]
[Site "Thessaloniki"]
[Date "2023.08.11"]
[Round "8"]
[White "Kukelko, Alexey"]
[Black "Zhao, Chenxi"]
[Result "1-0"]
[WhiteElo "2303"]
[BlackElo "2410"]
[PlyCount "71"]
[EventDate "2023.08.05"]
[EventType "swiss"]
[EventRounds "9"]
[EventCountry "GRE"]
[SourceTitle "CBM 215 Extra"]
[Source "ChessBase"]
[SourceDate "2023.09.30"]
[SourceVersion "1"]
[SourceVersionDate "2023.09.30"]
[SourceQuality "1"]

1. e4 e5 2. Nf3 Nc6 3. Nc3 Nf6 4. d4 exd4 5. Nxd4 Bb4 6. Nxc6 bxc6 7. Bd3 d5 8. exd5 0-0 9. 0-0 cxd5 10. h3 c6 11. Qf3 Bd6 12. Bf4 Rb8 13. b3 Be6 14. Ne2 Bxf4 15. Nxf4 Re8 16. Rfd1 Qa5 17. c4 dxc4 18. bxc4 Qc5 19. Rab1 Rb6 20. Re1 Bd7 21. Rxe8+ Bxe8 22. Re1 Bd7 23. Bc2 Qxc4 24. Bb3 Qc5 25. Nd3 Qd6 26. Ne5 Be6 27. Nxf7 Kxf7 28. Rxe6 Qxe6 29. Bxe6+ Kxe6 30. Qe3+ Kf7 31. Qf4 Ke6 32. Qc7 Nd7 33. Qxa7 c5 34. Qc7 Ra6 35. a4 Rd6 36. f4 1-0

[Event "Thessaloniki SKG op 3rd"]
[Site "Thessaloniki"]
[Date "2023.08.09"]
[Round "6"]
[White "Papadimitriou, Athanasios"]
[Black "Zhao, Chenxi"]
[Result "1/2-1/2"]
[WhiteElo "2249"]
[BlackElo "2410"]
[PlyCount "156"]
[EventDate "2023.08.05"]
[EventType "swiss"]
[EventRounds "9"]
[EventCountry "GRE"]
[SourceTitle "CBM 215 Extra"]
[Source "ChessBase"]
[SourceDate "2023.09.30"]
[SourceVersion "1"]
[SourceVersionDate "2023.09.30"]
[SourceQuality "1"]

1. Nf3 Nf6 2. g3 b5 3. Bg2 Bb7 4. a4 b4 5. d4 e6 6. 0-0 c5 7. c3 cxd4 8. cxd4 h6 9. a5 Be7 10. Nbd2 0-0 11. Nb3 Na6 12. Qd3 Qc8 13. Ne5 Bxg2 14. Kxg2 Qb7+ 15. f3 Rac8 16. Bd2 d6 17. Nc4 d5 18. Ne3 Ne8 19. Rfc1 Nd6 20. Nc5 Nxc5 21. dxc5 Nc4 22. Nxc4 dxc4 23. Rxc4 Rfd8 24. Rd4 e5 25. Rxd8+ Rxd8 26. Qc2 b3 27. Qc3 Qb5 28. Kf1 Bxc5 29. Rc1 Bd4 30. Qc7 Qd5 31. Bc3 Be3 32. Ra1 Re8 33. a6 Bb6 34. Qb7 Qc5 35. Kg2 e4 36. fxe4 Qc4 37. e5 Qxe2+ 38. Kh1 Qc4 39. Re1 h5 40. Kg2 Qe6 41. Qf3 h4 42. gxh4 Qh6 43. Rf1 Qg6+ 44. Kh3 Bc7 45. h5 Qe6+ 46. Qf5 Qxf5+ 47. Rxf5 Re6 48. Rg5 Kh7 49. Rf5 Kg8 50. Rg5 Bd8 51. Rg4 Be7 52. Ra4 Bc5 53. Rc4 Be3 54. Rc8+ Kh7 55. Rc7 Kg8 56. Rc8+ Kh7 57. Rf8 Rxa6 58. Rxf7 Rc6 59. Rf1 Kh6 60. Re1 Bg5 61. Kg4 g6 62. hxg6 Kxg6 63. e6 Rc4+ 64. Kf3 Be7 65. Ra1 Kf5 66. Rxa7 Kxe6 67. Rb7 Rh4 68. Kg2 Rg4+ 69. Kf3 Rh4 70. Kg3 Rh7 71. Kg2 Rh5 72. Rb6+ Kd7 73. Rxb3 Rg5+ 74. Kf3 Rh5 75. Rb7+ Ke6 76. Rb6+ Kd7 77. Rb7+ Ke6 78. Kg3 Bd6+ 1/2-1/2

[Event "CHN-chT"]
[Site "Hangzhou"]
[Date "2023.05.24"]
[Round "6.3"]
[White "Chen, Zhi"]
[Black "Zhao, Chenxi"]
[Result "0-1"]
[WhiteElo "1892"]
[BlackElo "2406"]
[PlyCount "92"]
[EventDate "2023.05.19"]
[EventType "team-swiss"]
[EventRounds "9"]
[EventCountry "CHN"]
[SourceTitle "CBM 214 Extra"]
[Source "ChessBase"]
[SourceDate "2023.07.31"]
[SourceVersion "1"]
[SourceVersionDate "2023.07.31"]
[SourceQuality "1"]
[WhiteTeam "Zhejiang"]
[BlackTeam "Guangdong"]
[WhiteTeamCountry "CHN"]
[BlackTeamCountry "CHN"]

1. e4 e5 2. Nf3 Nc6 3. Bb5 a6 4. Ba4 Nf6 5. 0-0 Be7 6. Re1 b5 7. Bb3 d6 8. c3 0-0 9. h3 Nb8 10. d4 Nbd7 11. a4 Bb7 12. Bc2 Re8 13. Nbd2 Bf8 14. b4 Nb6 15. a5 Nbd7 16. Bb2 exd4 17. cxd4 c5 18. e5 Nd5 19. dxc5 dxc5 20. Qb1 h6 21. Bf5 Nf4 22. Ne4 c4 23. Rd1 Nd3 24. Bc3 Qc7 25. Nd6 Bxf3 26. Nxe8 Rxe8 27. gxf3 N7xe5 28. Bxe5 Nxe5 29. Be4 Nd7 30. Qb2 Nf6 31. Re1 Qc8 32. Re3 Qxh3 33. f4 Qh5 34. Bf3 Qg6+ 35. Bg2 Rxe3 36. fxe3 Nd5 37. Qd4 Nxb4 38. Rf1 Nd3 39. f5 Qg5 40. f6 Bc5 41. Qd8+ Kh7 42. Kh2 Qe5+ 43. Kh3 Qxe3+ 44. Rf3 Nf2+ 45. Kh2 Qe5+ 46. Kg1 Ng4+ 0-1

[Event "CHN-chT"]
[Site "Hangzhou"]
[Date "2023.05.20"]
[Round "2.3"]
[White "Liu, Yijun"]
[Black "Zhao, Chenxi"]
[Result "0-1"]
[WhiteElo "1673"]
[BlackElo "2406"]
[PlyCount "96"]
[EventDate "2023.05.19"]
[EventType "team-swiss"]
[EventRounds "9"]
[EventCountry "CHN"]
[SourceTitle "CBM 214 Extra"]
[Source "ChessBase"]
[SourceDate "2023.07.31"]
[SourceVersion "1"]
[SourceVersionDate "2023.07.31"]
[SourceQuality "1"]
[WhiteTeam "Shandong"]
[BlackTeam "Guangdong"]
[WhiteTeamCountry "CHN"]
[BlackTeamCountry "CHN"]

1. d4 e6 2. Bf4 c5 3. e3 Qb6 4. Nc3 Nf6 5. Nf3 a6 6. Na4 Qa5+ 7. Nc3 Nd5 8. Qd2 Nxf4 9. exf4 b5 10. dxc5 Bxc5 11. Ne4 Qxd2+ 12. Nexd2 Bb7 13. Bd3 Nc6 14. c3 0-0 15. 0-0 Rac8 16. a3 Rfd8 17. Rad1 g6 18. Rfe1 Kg7 19. g3 Bb6 20. Bf1 Na5 21. Ne5 d6 22. Nd3 Nc4 23. Bg2 d5 24. Nxc4 bxc4 25. Ne5 a5 26. Nf3 Bc6 27. Rd2 Bc5 28. h4 Rb8 29. Ree2 Rd6 30. Ne5 Be8 31. Nf3 Rdb6 32. Bh3 Rb3 33. Rc2 Bb5 34. Red2 Ba4 35. Re2 Bxa3 36. bxa3 Rb1+ 37. Kg2 Bxc2 38. Rxc2 R8b2 39. Rxb2 Rxb2 40. Nd4 Rb3 41. Ne2 Rxa3 42. Kf3 a4 43. Ke3 Rb3 44. Kd2 Rb2+ 45. Kd1 Rxe2 46. Kxe2 a3 47. Kd2 a2 48. Kc2 a1Q 0-1

[Event "CHN-ch"]
[Site "Xinghua"]
[Date "2023.05.15"]
[Round "10"]
[White "Zhao, Chenxi"]
[Black "Xu, Zhihang"]
[Result "1/2-1/2"]
[WhiteElo "2406"]
[BlackElo "2508"]
[PlyCount "71"]
[EventDate "2023.05.06"]
[EventType "tourn"]
[EventRounds "11"]
[EventCountry "CHN"]
[EventCategory "9"]
[SourceTitle "CBM 215 Extra"]
[Source "ChessBase"]
[SourceDate "2023.09.30"]
[SourceVersion "1"]
[SourceVersionDate "2023.09.30"]
[SourceQuality "1"]

1. e4 e5 2. Nf3 Nc6 3. Bb5 a6 4. Ba4 d6 5. c3 Bd7 6. 0-0 g6 7. d4 Bg7 8. dxe5 dxe5 9. Bg5 Nf6 10. Nbd2 h6 11. Be3 Qe7 12. h3 0-0 13. Bc2 Nh5 14. Nb3 b6 15. Qc1 Kh7 16. Rd1 Nd8 17. a4 a5 18. Bd3 Qe8 19. g4 Bxa4 20. Bc2 Nf4 21. Bxf4 exf4 22. Qxf4 Ne6 23. Qe3 c5 24. e5 Rd8 25. Rxd8 Nxd8 26. Qf4 b5 27. Qe4 Qc6 28. Qxc6 Nxc6 29. Be4 Nxe5 30. Nxc5 Nc4 31. b3 Rc8 32. Nxa4 Nd6 33. Bd5 bxa4 34. bxa4 Rxc3 35. Rd1 Rc7 36. Kg2 1/2-1/2

[Event "CHN-ch"]
[Site "Xinghua"]
[Date "2023.05.12"]
[Round "7"]
[White "Xu, Xiangyu"]
[Black "Zhao, Chenxi"]
[Result "1-0"]
[WhiteElo "2596"]
[BlackElo "2406"]
[PlyCount "87"]
[EventDate "2023.05.06"]
[EventType "tourn"]
[EventRounds "11"]
[EventCountry "CHN"]
[EventCategory "9"]
[SourceTitle "CBM 215 Extra"]
[Source "ChessBase"]
[SourceDate "2023.09.30"]
[SourceVersion "1"]
[SourceVersionDate "2023.09.30"]
[SourceQuality "1"]

1. d4 d5 2. Nf3 e6 3. Bf4 Bd6 4. e3 Bxf4 5. exf4 Qd6 6. Qd2 Nf6 7. Nc3 a6 8. Bd3 Nbd7 9. 0-0 0-0 10. Ne2 c5 11. c3 b5 12. Rfe1 Ne4 13. Qe3 Bb7 14. Rad1 cxd4 15. Nexd4 Qc7 16. Ne5 Ndc5 17. Bc2 Rae8 18. Nb3 f6 19. Bxe4 Nxe4 20. Nd3 Rf7 21. Re2 Rfe7 22. f3 Nd6 23. Qc5 Qxc5+ 24. Ndxc5 Kf7 25. Kf2 Rc7 26. Nd3 Rce7 27. Rde1 h6 28. h4 h5 29. Nd4 Bc8 30. Nc5 e5 31. fxe5 fxe5 32. Nc6 Rc7 33. Nxe5+ Rxe5 34. Rxe5 Rxc5 35. Rxh5 Nc4 36. b4 Rc6 37. Rxd5 Nb2 38. g4 Be6 39. Rd4 Rxc3 40. Kg3 Rc4 41. Rd6 Bc8 42. h5 Rxb4 43. g5 Rc4 44. g6+ 1-0

[Event "CHN-ch"]
[Site "Xinghua"]
[Date "2023.05.10"]
[Round "5"]
[White "Xu, Yinglun"]
[Black "Zhao, Chenxi"]
[Result "1/2-1/2"]
[WhiteElo "2549"]
[BlackElo "2406"]
[PlyCount "36"]
[EventDate "2023.05.06"]
[EventType "tourn"]
[EventRounds "11"]
[EventCountry "CHN"]
[EventCategory "9"]
[SourceTitle "CBM 215 Extra"]
[Source "ChessBase"]
[SourceDate "2023.09.30"]
[SourceVersion "1"]
[SourceVersionDate "2023.09.30"]
[SourceQuality "1"]

1. d4 d5 2. Nf3 Nf6 3. c4 e6 4. Nc3 Bb4 5. Bg5 h6 6. Bxf6 Qxf6 7. e3 0-0 8. Rc1 dxc4 9. Bxc4 c5 10. 0-0 cxd4 11. Nxd4 Bd7 12. Qb3 Nc6 13. Nxc6 Bxc3 14. Rxc3 Bxc6 15. Bb5 Bd5 16. Bc4 Bc6 17. Bb5 Bd5 18. Bc4 Bc6 1/2-1/2

[Event "CHN-ch"]
[Site "Xinghua"]
[Date "2023.05.08"]
[Round "3"]
[White "Lou, Yiping"]
[Black "Zhao, Chenxi"]
[Result "0-1"]
[WhiteElo "2492"]
[BlackElo "2406"]
[PlyCount "82"]
[EventDate "2023.05.06"]
[EventType "tourn"]
[EventRounds "11"]
[EventCountry "CHN"]
[EventCategory "9"]
[SourceTitle "CBM 215 Extra"]
[Source "ChessBase"]
[SourceDate "2023.09.30"]
[SourceVersion "1"]
[SourceVersionDate "2023.09.30"]
[SourceQuality "1"]

1. d4 d5 2. c4 e6 3. Nc3 c6 4. e3 Nd7 5. Nf3 Ngf6 6. b3 Bd6 7. Bd3 e5 8. dxe5 Nxe5 9. Nxe5 Bxe5 10. Bb2 0-0 11. Qc2 dxc4 12. Bxc4 Qe7 13. 0-0-0 b5 14. Bd3 a5 15. f4 Bxc3 16. Qxc3 b4 17. Qe5 Qxe5 18. Bxe5 Ng4 19. Bd6 Re8 20. Rhe1 Ba6 21. Bxa6 Rxa6 22. Bc5 Nf2 23. Rd7 Ne4 24. Bd4 c5 25. Bb2 a4 26. Red1 a3 27. Ba1 h5 28. f5 Raa8 29. R1d5 Rac8 30. Kc2 f6 31. h3 h4 32. Kd1 Ng3 33. Rd3 Nxf5 34. Ke2 c4 35. bxc4 Rxc4 36. Kd2 Rce4 37. R3d5 Nxe3 38. Rc5 Rf4 39. Kd3 Rf1 40. Bd4 Rd1+ 41. Ke2 Rxd4 0-1

[Event "CHN-ch"]
[Site "Xinghua"]
[Date "2023.05.07"]
[Round "2"]
[White "Zhao, Chenxi"]
[Black "Xu, Yi"]
[Result "1-0"]
[WhiteElo "2406"]
[BlackElo "2527"]
[PlyCount "83"]
[EventDate "2023.05.06"]
[EventType "tourn"]
[EventRounds "11"]
[EventCountry "CHN"]
[EventCategory "9"]
[SourceTitle "CBM 215 Extra"]
[Source "ChessBase"]
[SourceDate "2023.09.30"]
[SourceVersion "1"]
[SourceVersionDate "2023.09.30"]
[SourceQuality "1"]

1. e4 c5 2. Nf3 Nc6 3. d4 cxd4 4. Nxd4 Nf6 5. Nc3 e6 6. Nxc6 bxc6 7. e5 Nd5 8. Ne4 Qc7 9. f4 Qb6 10. c4 Bb4+ 11. Ke2 f5 12. Nf2 Ba6 13. Kf3 Ne7 14. Be3 Bc5 15. Bxc5 Qxc5 16. Qa4 Bb7 17. h4 Qb6 18. Qa3 c5+ 19. Kg3 0-0 20. Rd1 Rfd8 21. Be2 Rac8 22. Bh5 g6 23. Be2 d5 24. exd6 Nc6 25. Bf3 Nd4 26. Rxd4 cxd4 27. Bxb7 Qxb7 28. c5 h6 29. Re1 Qf7 30. Nd3 g5 31. Qb3 Re8 32. hxg5 hxg5 33. fxg5 Rb8 34. Qc4 Qg6 35. Qxd4 Qxg5+ 36. Kf2 f4 37. Qe4 Qg3+ 38. Kf1 f3 39. gxf3 Rf8 40. Ke2 Qg2+ 41. Ke3 Qg5+ 42. f4 1-0

[Event "CHN-ch"]
[Site "Xinghua"]
[Date "2023.05.06"]
[Round "1"]
[White "Xie, Kaifan"]
[Black "Zhao, Chenxi"]
[Result "1/2-1/2"]
[WhiteElo "2207"]
[BlackElo "2406"]
[PlyCount "61"]
[EventDate "2023.05.06"]
[EventType "tourn"]
[EventRounds "11"]
[EventCountry "CHN"]
[EventCategory "9"]
[SourceTitle "CBM 215 Extra"]
[Source "ChessBase"]
[SourceDate "2023.09.30"]
[SourceVersion "1"]
[SourceVersionDate "2023.09.30"]
[SourceQuality "1"]

1. d4 e6 2. c4 Nf6 3. Nf3 b6 4. g3 Bb7 5. Bg2 Bb4+ 6. Bd2 c5 7. 0-0 Bxd2 8. Qxd2 cxd4 9. Nxd4 Bxg2 10. Kxg2 0-0 11. Nb5 Nc6 12. N1c3 d5 13. cxd5 exd5 14. Rfd1 Re8 15. Nxd5 Nxd5 16. Qxd5 Qxd5+ 17. Rxd5 Rxe2 18. Rc1 Nb4 19. Rd7 Rxb2 20. Rcc7 Rf8 21. Nd4 Rd2 22. Rxa7 Rxd4 23. Rxd4 Nc6 24. Rdd7 Nxa7 25. Rxa7 g6 26. Rb7 Ra8 27. Rxb6 Rxa2 28. Rb8+ Kg7 29. Rb6 Ra3 30. Rc6 Rb3 31. Ra6 1/2-1/2

[Event "CHN-chTB"]
[Site "Hefei"]
[Date "2023.04.19"]
[Round "5"]
[White "Zhao, Chenxi"]
[Black "Wang, Hao B"]
[Result "1-0"]
[WhiteElo "2404"]
[BlackElo "2165"]
[PlyCount "87"]
[EventDate "2023.04.17"]
[EventType "team-swiss"]
[EventRounds "9"]
[EventCountry "CHN"]
[SourceTitle "EXT 2024"]
[Source "ChessBase"]
[SourceDate "2023.10.10"]
[SourceVersion "1"]
[SourceVersionDate "2023.10.10"]
[SourceQuality "1"]
[WhiteTeam "Guangzhou Lingnan"]
[BlackTeam "Qingdao Qingwei"]
[WhiteTeamCountry "CHN"]
[BlackTeamCountry "CHN"]

1. Nf3 Nf6 2. c4 e6 3. g3 b6 4. Bg2 Bb7 5. 0-0 Be7 6. Nc3 0-0 7. d4 Ne4 8. Nxe4 Bxe4 9. Bf4 d5 10. Rc1 Na6 11. Qa4 Qc8 12. Ne5 Bxg2 13. Nc6 Re8 14. Kxg2 dxc4 15. Rxc4 Qb7 16. Qb3 Nb4 17. Rfc1 Nd5 18. Qf3 Bd6 19. Bxd6 cxd6 20. Nb4 Qe7 21. Nxd5 exd5 22. Rc7 Qe6 23. R1c3 Qe4 24. Re3 Qxf3+ 25. Kxf3 Re6 26. Rec3 Kf8 27. e3 Re7 28. Ke2 Rd8 29. h4 Red7 30. R7c6 Ke7 31. a4 Rb7 32. Kd3 Kd7 33. b4 Re8 34. Rc2 h5 35. Ke2 g6 36. Kf3 Re6 37. a5 Rf6+ 38. Kg2 bxa5 39. bxa5 Rb2 40. Rc7+ Kd8 41. Rxf7 Rxf7 42. Rxb2 Kc7 43. a6 Kc6 44. f4 1-0

[Event "CHN-chTB"]
[Site "Hefei"]
[Date "2023.04.17"]
[Round "1"]
[White "Zhang, Yuchen"]
[Black "Zhao, Chenxi"]
[Result "0-1"]
[WhiteElo "1502"]
[BlackElo "2404"]
[PlyCount "80"]
[EventDate "2023.04.17"]
[EventType "team-swiss"]
[EventRounds "9"]
[EventCountry "CHN"]
[SourceTitle "EXT 2024"]
[Source "ChessBase"]
[SourceDate "2023.10.10"]
[SourceVersion "1"]
[SourceVersionDate "2023.10.10"]
[SourceQuality "1"]
[WhiteTeam "Xiamen Xiaqiyizu"]
[BlackTeam "Guangzhou Lingnan"]
[WhiteTeamCountry "CHN"]
[BlackTeamCountry "CHN"]

1. d4 Nf6 2. c4 e6 3. Nc3 Bb4 4. e3 0-0 5. Nge2 d5 6. a3 Be7 7. cxd5 exd5 8. g3 c6 9. Bg2 Bf5 10. 0-0 Nbd7 11. f3 Nb6 12. e4 dxe4 13. fxe4 Bg4 14. Bf4 Qd7 15. Qb3 Rad8 16. Rad1 Be6 17. Qc2 Bh3 18. Qb3 Be6 19. Qc2 Nc4 20. d5 Bc5+ 21. Kh1 Bh3 22. Rf3 Bxg2+ 23. Kxg2 b5 24. Rfd3 Qe8 25. Kf3 cxd5 26. exd5 Nd7 27. b4 Bb6 28. d6 Nde5+ 29. Bxe5 Nxe5+ 30. Kf4 Qe6 31. Nd4 Nxd3+ 32. Rxd3 Qxd6+ 33. Kf3 Bxd4 34. Ne2 Qd5+ 35. Kg4 h5+ 36. Kh3 Qf5+ 37. Kg2 Qf2+ 38. Kh3 Qf1+ 39. Kh4 Bf6+ 40. Kxh5 Qf5# 0-1

[Event "CHN-chT"]
[Site "Nanjing"]
[Date "2023.02.16"]
[Round "3.3"]
[White "Wen, Yang"]
[Black "Zhao, Chenxi"]
[Result "1-0"]
[WhiteElo "2585"]
[BlackElo "2408"]
[PlyCount "67"]
[EventDate "2023.02.14"]
[EventType "team-swiss"]
[EventRounds "9"]
[EventCountry "CHN"]
[SourceTitle "CBM 212 Extra"]
[Source "ChessBase"]
[SourceDate "2023.03.31"]
[SourceVersion "1"]
[SourceVersionDate "2023.03.31"]
[SourceQuality "1"]
[WhiteTeam "Shandong"]
[BlackTeam "Guangdong"]
[WhiteTeamCountry "CHN"]
[BlackTeamCountry "CHN"]

1. d4 Nf6 2. c4 e6 3. g3 d5 4. Bg2 Bb4+ 5. Bd2 Be7 6. Nf3 0-0 7. 0-0 Nbd7 8. Qc2 c6 9. Bf4 b6 10. Nbd2 Ba6 11. Rfd1 Nh5 12. e4 Nxf4 13. gxf4 Nf6 14. Ne5 Bb7 15. Qc3 Rc8 16. Rac1 Qd6 17. a3 c5 18. dxc5 Qxc5 19. exd5 exd5 20. Nb3 Qd6 21. Nd4 Ne4 22. Bxe4 dxe4 23. Nf5 Qf6 24. Nxe7+ Qxe7 25. Rd7 Qf6 26. Rxb7 Qxf4 27. Rd1 Rce8 28. Rd5 Qg5+ 29. Kf1 Qf4 30. Kg2 Qg5+ 31. Qg3 Qc1 32. Rdd7 Qxb2 33. Nxf7 Re6 34. Ne5 1-0